000
00341nam a2200145Ia 4500
008
210719s1945 xx 000 0 und d
041
_a
eng
082
_a
821.008 DELL
100
_a
DE LA MARE (Walter)
245
_a
Love.
260
_a
London
_b
Faber & Faber
_c
1945
300
_a
cxliv,592
_b
HB
365
_c
Rs
650
_a
English Poetry
999
_c
214228
_d
214228